Speakıng my mınd/ (Record no. 12985)

MARC details
000 -BAŞLIK
Sabit Uzunlukta Kontrol Alanı 00600nam a2200205 4500
999 ## - SİSTEM KONTROL NUMARALARI (KOHA)
Koha Biblionumber 12985
Koha Biblioitemnumber 12985
003 - KONTROL NUMARASI IDENTIFIER
Denetim Alanı MIRAKIL
005 - SON İŞLEM TARİHİ VE ZAMANI
Denetim Alanı 20190319155222.0
008 - SABİT-BOY VERİ ELEMANLARI - GENEL BİLGİLER
Sabit Uzunlukta Kontrol Alanı 190319b tu ||||| |||| 00| 0 tur d
020 ## - ULUSLARARASI STANDART KİTAP NUMARASI
Uluslararası Standart Kitap Numarası 067168857x
040 ## - KATALOGLAMA KAYNAK
Orijinal Kataloglama Ajansı TR-AnCHP
Metne Dönüştürmek Ajansı TR-AnCHP
041 ## - DİL KODU
Metin / Ses Parça Veya Ayrı Başlığın Dil Kodu eng
082 ## - DEWEY ONLU SINIFLANDIRMA NUMARASI
Sınıflandırma Numarası 973.927092
Ürün Numarası R32s 1989
100 ## - ANA GİRİŞ - KİŞİSEL İSİM
Kişisel Ad Reagan, Ronald.
245 10 - BAŞLIK TABLOSU
Başlık Speakıng my mınd/
Sorumluluk Tablosu, Vb Ronald Reagan.
260 ## - YAYIN, DAĞITIM, VB
Yayın, Dağıtım, Vb Yeri New York:
Yayıncı, Dağıtıcı, Vs Adı Simon and Shuster,
Yayın, Dağıtım, Vb Tarihi 1989.
300 ## - FİZİKSEL TANIM
Kapsam 432 s.:
Diğer Fiziksel Ayrıntıları fotğ.;
Boyutlar 24 sm.
504 ## - KAYNAKÇA VB NOT
Kaynakça Vb Notu Dizin vardır.
650 #0 - KONU KATMA GİRİŞ - TOPİKAL DÖNEM
9 (RLIN) 5108
Topikal Süreli Veya Coğrafi Ad Giriş Elemanı Amerika Birleşik Devletleri (ABD)
Genel Alt Bölümü Siyaset ve yöetim
Kronolojik Alt Bölümü 1981-1989
942 ## - EKLENDİ GİRİŞ ELEMANLARI (KOHA)
Sınıflandırma Veya Raf Düzeni Kaynak Dewey Decimal Classification
Koha Öğesi Türü Books
Holdings
Kalıcı Konum Mevcut Konum Edinme Tarihi Edinim Kaynak Toplam Check-Out'Lar Tam Çağrı Numarası Barkod Tarih Son Görülme İtibaren Geçerli Fiyatlar Sigara Kamu Notu Koha Öğesi Türü
CHP Kütüphanesi CHP Kütüphanesi 03/19/2019 Bağış   973.927092 R32s 1989 019045 03/19/2019 03/19/2019 Ertuğrul Çepni bağışıdır. Books